000 00356 a2200169 4500
001 188044
020 _a978-85-250-4399-3
040 _cMagnum
100 _aLobato, Monteiro
240 1 0 _aO presidente negro
_lpor
245 1 0 _aO presidente negro
300 _a202
362 0 _a2008
440 1 _aGlobo
697 _aLITERATURA GERAL
942 _cBK
999 _c188044
_d188044